Score 0/28 Timer 03:00
0 Plays Today
HINT 4-LETTER WORD % Correct
DesireWANT
91.5%
☣ NOT EVIL ☣☣ Saul GOODman ☣
91.2%
'____ over matter'MIND
90.1%
Decrease, like the moonWANE
88.9%
Lion's pride?MANE
88.2%
☣ BURIED BOMB ☣☣ MethamphetaMINE ☣
87.4%
Bling metalGOLD
86.3%
Unspicy salsaMILD
85.7%
Trig functionSINE
85.6%
The Green ____MILE
85.2%
Tunneling mammalMOLE
84.7%
☣ LIGHT RED ☣☣ Jesse PINKman ☣
84%
Cheese or melon skinRIND
83.8%
ConiferPINE
82.7%
HINT 4-LETTER WORD % Correct
Fork thingyTINE
81.8%
Blow a hornTOOT
80.3%
Musical qualityTONE
79%
____ The Bismarck!SINK
78.9%
Emotional stateMOOD
77.6%
RippedTORE
75.2%
Pause expectantlyWAIT
74.7%
Of no consequenceMOOT
73.3%
☣ MONARCH ☣☣ BreaKING Bad ☣
71.4%
Legal issueTORT
71.2%
☣ CIRCLE ☣☣ Gustavo 'Gus' FRING ☣
67.3%
Dover flatfishSOLE
61%
DealtSOLD
59.6%
☣ THE LEAST AMOUNT ☣☣ Walter WHITe ☣
21.3%

Today's Daily Dose

Remove Ads.
Support Sporcle.
Get the best of Sporcle when you Go Orange. This ad-free experience offers more features, more stats, and more fun while also helping to support Sporcle. Thank you for becoming a member.

You're not logged in!

Compare scores with friends on all Sporcle quizzes.
OR
Log In

Show Comments

Extras

Top Quizzes Today


Score Distribution

Your Account Isn't Verified!

In order to create a playlist on Sporcle, you need to verify the email address you used during registration. Go to your Sporcle Settings to finish the process.

Report this User

Report this user for behavior that violates our Community Guidelines.

Details: